Statistical yearbook of Norway 2004

Salvato in:
Dettagli Bibliografici
Natura: Libro
Lingua:inglese
Pubblicazione: Oslo Statistisk sentralbyra - Statistics Norway 2004
Soggetti:
Tags: Aggiungi Tag
Nessun Tag, puoi essere il primo ad aggiungerne!!

MARC

LEADER 00000nam$a2200000$$$4500
001 0025097
005 20240318114707.2
020 |a 82-537-6615-7 
022 |a 0809-1919 
041 0 |a eng 
044 |a NO 
245 1 0 |a Statistical yearbook of Norway 2004 
264 1 |a Oslo  |b Statistisk sentralbyra - Statistics Norway  |c 2004 
300 |a 533 s. 
610 2 0 |a štatistika 
610 2 0 |a tabuľky štatistické 
610 2 0 |a údaje štatistické 
610 2 0 |a Nórsko